000 00248nam a2200109Ia 4500
008 190216s9999||||xx |||||||||||||| ||und||
100 _aMenon C P
245 0 _aAniuka Spectroscopy
260 _bBhasha Institute
650 _aChemistry
942 _cBK
999 _c39666
_d39666